000 00406nam a22001457a 4500
003 SGT
020 _a9788171773633
082 _a344.41041
_bBAG
100 _aBAG R K
245 _aLAW OF MEDICAL NEGLIGENCE AND COMPENSATION
_bCOVERING THE RIGHTS AND LIABILITIES UNDER THE LAW OF CONSUMER PROTECTION
250 _a3
260 _aLUCKNOW
_bEASTERN LAW HOUSE
_c1097
300 _a703
942 _2ddc
_cBK
_01
999 _c25766
_d25766